| 000 | 00865nas a2200265 4500 | ||
|---|---|---|---|
| 001 | BR7905919 | ||
| 003 | BR-BrBNA | ||
| 005 | 20231205083941.0 | ||
| 007 | ta | ||
| 008 | 230509b bl.|||p| |||| 00| 00por d | ||
| 040 |
_aBR-BrBNA _bpor _cBiblioteca Nacional de Agricultura |
||
| 041 | _a(Pt) | ||
| 072 | _aL50; L40 | ||
| 100 | 1 | _aPerly, L. | |
| 245 | 1 | _aCorrelacao entre o indice morfologico, peso do ovo e peso ao vivo da fase de crescimento em codorna domestica (Coturnix coturnic japonica) | |
| 650 | _aFisiologia animal | ||
| 650 | _aEstrutura animal | ||
| 650 | _aCodorna | ||
| 650 | _aOvo | ||
| 650 | _aIncubacao artificial | ||
| 650 | _aMorfologia animal | ||
| 773 | 0 |
_tRevista do Setor de Ciencias Agrarias (Brazil) _xISSN 0100-607X _g(Aug 1979), v. 1(1) p. 41-53 _wBR7905919 |
|
| 909 |
_a202311 _bLúcia _c55 _dLúcia Elande |
||
| 942 |
_2AGRIS _n0 _cANA |
||
| 999 |
_c102217 _d102217 |
||